000 00390nam a2200157Ia 4500
008 230917s9999||||xx |||||||||||||| ||und||
040 _e137817
_aMAIN
041 _aEnglish
082 _a658.8 H976B
100 _aHutt, Michael D
245 0 _aBusiness marketing management
250 _a9th ed.
260 _aAustralia
_bThomson South Western
_c2007
300 _a658 p.
942 _cBK
999 _c138903
_d138903